Sleep Token - The Love You Want (All lyrics) - Statistics

General Stats
  • This quiz has been taken 41 times
  • The average score is 257 of 278
Answer Stats
Lyrics % Correct
a
100%
an
100%
And
100%
and
100%
be
100%
full
100%
I
100%
I'm
100%
love
100%
of
100%
still
100%
Still
100%
the
100%
The
100%
to
100%
want
100%
You
100%
you
100%
in
94%
my
94%
no
94%
No
94%
on
94%
so
94%
up
94%
waking
94%
way
94%
your
94%
careful
89%
different
89%
freak
89%
I'll
89%
keep
89%
lay
89%
oh,
89%
oh
89%
Oh,
89%
own
89%
show
89%
will
89%
again,
83%
all
83%
alone
83%
anchor
83%
apart
83%
are
83%
beneath
83%
faith
83%
find
83%
for
83%
from
83%
harbor
83%
inch
83%
it
83%
keys
83%
lie
83%
many
83%
minimum
83%
talk
83%
Too
83%
you'll
83%
bleed
78%
But
78%
continuum
78%
get
78%
heart
78%
internally
78%
is
78%
locked
78%
make
78%
matter
78%
not?
78%
reach
78%
someday,
78%
what,
78%
am
72%
better
72%
combination
72%
end
72%
off
72%
sail
72%
someone
72%
swallowed
72%
that
72%
wrong
72%
believe
67%
Maybe
67%
Now
67%
save
67%
setting
67%
forevermore
61%
Or
61%
Seems
61%
simply
61%
wating
11%
No matching quizzes found
Score Distribution
Percent of People with Each Score
Percentile by Number Answered
Your Score History
You have not taken this quiz